most home runs for every MLB team by player - Statistics

General Stats
  • This quiz has been taken 62 times
  • The average score is 18 of 30
Answer Stats
Hint Answer % Correct
Braves Hank AAron
90%
Yankees Babe Ruth
87%
Angles Mike Trout
81%
Cubs Sammy Sosa
73%
Giants Willie Mays
73%
White sox Frank Thomas
71%
Phillies Mike Schmidt
71%
Marlins Giancarlo Stanton
69%
Rangers Juan Gonzalez
69%
Dbacks Luis Gonzalez
69%
Rockies Todd Helton
69%
Athletics Mark Mcgwire
67%
oriels Cal Ripken Jr
65%
Royals George Brett
65%
Mariners Ken Griffy JR.
63%
Cardinals Stan Musial
63%
red sox Ted Williams
63%
Guardians Jim Thome
60%
Twins Harmon Killebrew
58%
Astros Jeff Bagwell
58%
Pirates Willie Stargell
58%
Rays Evan Longoria
52%
Reds Johnny Bench
50%
Tigers Al Kaline
48%
Brewers Ryan Braun
48%
Blue Jays Carlos Delgado
44%
Mets Darryl Strawberry
42%
Nationals Ryan Zimmerman
42%
Dodgers Duke Snider
38%
Padres Nate Colbert
17%
No matching quizzes found
Score Distribution
Percent of People with Each Score
Percentile by Number Answered
Your Score History
You have not taken this quiz